000 00485nam a2200181Ia 4500
008 100917s9999 xx 000 0 und d
082 _b5918
100 _aटोळ दत्ता श्री.
245 _aजादू संपली
260 _b---
300 _a44
365 _b0.75
520 _aबालविभाग
630 _aजादू संपली
650 _aबालविभाग
730 _aजादू संपली
942 _cBOOK
999 _c611312
_d611309